[Event "Cheliabinsk Region-ch"]
[Site "Cheliabinsk"]
[Date "2008.03.03"]
[Round "3"]
[White "Khakimov, Vadim"]
[Black "Safronov, Sergey"]
[Result "1/2-1/2"]
[WhiteElo "1926"]
[BlackElo "2265"]
[PlyCount "107"]
[EventDate "2008.03.01"]
[EventType "swiss"]
[EventRounds "9"]
[EventCountry "RUS"]
[SourceTitle "CBM 123 Extra"]
[Source "ChessBase"]
[SourceDate "2008.05.06"]
[SourceVersion "1"]
[SourceVersionDate "2008.05.06"]
[SourceQuality "1"]

1. e4 e5 2. Nf3 Nf6 3. Nc3 Bb4 4. Bc4 0-0 5. 0-0 Nc6 6. Re1 d6 7. h3 Be6 8. Nd5 Bxd5 9. exd5 Ne7 10. c3 Bc5 11. d4 exd4 12. Bg5 Ng6 13. Nxd4 h6 14. Be3 Nd7 15. Qc2 Nde5 16. Bb3 Qf6 17. Qf5 Qxf5 18. Nxf5 Bxe3 19. Rxe3 Nf4 20. Kh2 Nfd3 21. Re2 Rae8 22. Rd1 Nc5 23. Rde1 Ncd3 24. Rd1 g6 25. Nd4 Nc5 26. Bc2 Nc4 27. b4 Rxe2 28. Nxe2 Nd7 29. Rd4 Ncb6 30. Kg1 Re8 31. Kf1 Nf6 32. c4 a5 33. bxa5 Nbd7 34. Nc3 Ra8 35. Nb5 Ne8 36. Re4 Kf8 37. Rh4 Rxa5 38. a4 h5 39. g4 hxg4 40. Rh8+ Ke7 41. hxg4 Ne5 42. g5 Nxc4 43. Rh7 c6 44. Nc3 Rc5 45. Bxg6 Ne5 46. Bxf7 Nxf7 47. g6 Rxc3 48. Rxf7+ Kd8 49. Rf8 Rc1+ 50. Kg2 Rc4 51. f3 Rc2+ 52. Kf1 Rc1+ 53. Kf2 Rc2+ 54. Kf1 1/2-1/2

[Event "Cheliabinsk Region Cup 5th"]
[Site "Cheliabinsk"]
[Date "2007.09.07"]
[Round "6"]
[White "Savchuk, Nikita"]
[Black "Khakimov, Vadim"]
[Result "1-0"]
[WhiteElo "2144"]
[BlackElo "1921"]
[PlyCount "39"]
[EventDate "2007.09.02"]
[EventType "swiss"]
[EventRounds "9"]
[EventCountry "RUS"]
[SourceTitle "EXT 2022"]
[Source "ChessBase"]
[SourceDate "2021.10.06"]
[SourceVersion "1"]
[SourceVersionDate "2021.10.06"]
[SourceQuality "1"]

1. d4 d5 2. Nf3 Nf6 3. g3 Bf5 4. Bg2 e6 5. 0-0 Bd6 6. Re1 Nbd7 7. Nh4 0-0 8. Nxf5 exf5 9. c4 c6 10. Nc3 dxc4 11. Qc2 g6 12. d5 Nxd5 13. Nxd5 cxd5 14. Bxd5 Bc5 15. Bh6 Re8 16. Qxc4 Qf6 17. Rad1 Rad8 18. h4 Bxf2+ 19. Kxf2 Ne5 20. Bg5 1-0

[Event "Cheliabinsk Region Cup 5th"]
[Site "Cheliabinsk"]
[Date "2007.09.06"]
[Round "5"]
[White "Arkhipenko, Daniil"]
[Black "Khakimov, Vadim"]
[Result "1-0"]
[WhiteElo "2136"]
[BlackElo "1921"]
[PlyCount "32"]
[EventDate "2007.09.02"]
[EventType "swiss"]
[EventRounds "9"]
[EventCountry "RUS"]
[SourceTitle "EXT 2022"]
[Source "ChessBase"]
[SourceDate "2021.10.06"]
[SourceVersion "1"]
[SourceVersionDate "2021.10.06"]
[SourceQuality "1"]

1. d4 d5 2. c4 e6 3. Nc3 c6 4. e3 f5 5. Bd3 Nf6 6. Qc2 Ne4 7. Nge2 Bd6 8. 0-0 Qh4 9. g3 Qd8 10. f3 Nxc3 11. Nxc3 0-0 12. Bd2 Nd7 13. cxd5 exd5 14. Bxf5 Nf6 15. Rae1 Kh8 16. Bxc8 Rxc8 1-0

[Event "Cheliabinsk Region Cup 5th"]
[Site "Cheliabinsk"]
[Date "2007.09.03"]
[Round "2"]
[White "Khakimov, Vadim"]
[Black "Perezolov, Gerald"]
[Result "1-0"]
[WhiteElo "1921"]
[BlackElo "2123"]
[PlyCount "95"]
[EventDate "2007.09.02"]
[EventType "swiss"]
[EventRounds "9"]
[EventCountry "RUS"]
[SourceTitle "EXT 2022"]
[Source "ChessBase"]
[SourceDate "2021.10.06"]
[SourceVersion "1"]
[SourceVersionDate "2021.10.06"]
[SourceQuality "1"]

1. e4 e6 2. d4 d5 3. Nd2 c5 4. c3 Nc6 5. Ngf3 cxd4 6. cxd4 Bb4 7. e5 Qb6 8. a3 Be7 9. Nb1 Bd7 10. Nc3 f6 11. Bb5 fxe5 12. Bxc6 bxc6 13. Nxe5 Nf6 14. Bg5 Rd8 15. 0-0 0-0 16. Qe2 Qxd4 17. Nxd7 Rxd7 18. Qxe6+ Rf7 19. Bxf6 Qxf6 20. Qxd7 Bxa3 21. Qe8+ Rf8 22. Qe2 Bc5 23. Rae1 Kh8 24. Kh1 Bd6 25. Qe6 Qf4 26. Qh3 h6 27. Re6 Qc4 28. Rfe1 Rxf2 29. Re8+ Kh7 30. R8e2 Rf4 31. g3 Rf8 32. Rf1 d4 33. Rxf8 Bxf8 34. Qf5+ Kg8 35. Qe4 a5 36. Nd1 Qb4 37. Nf2 Qb5 38. Nd3 c5 39. Rf2 Qb8 40. Ne5 Bd6 41. Nd7 Qc7 42. Qe6+ Kh7 43. Rf7 Qb7+ 44. Kg1 Qxb2 45. Nf6+ Kg6 46. Ne8+ Kh5 47. Nxg7+ Kg5 48. h4# 1-0

[Event "Cheliabinsk Postovalov Memorial 1st"]
[Site "Cheliabinsk"]
[Date "2007.01.11"]
[Round "6"]
[White "Fesenko, Vitaly"]
[Black "Khakimov, Vadim"]
[Result "1-0"]
[WhiteElo "2245"]
[BlackElo "1908"]
[PlyCount "61"]
[EventDate "2007.01.05"]
[EventType "swiss"]
[EventRounds "9"]
[EventCountry "RUS"]
[SourceTitle "EXT 2010"]
[Source "ChessBase"]
[SourceDate "2010.11.25"]
[SourceVersion "1"]
[SourceVersionDate "2010.11.25"]
[SourceQuality "1"]

1. e4 e5 2. Nf3 Nc6 3. Bc4 Bc5 4. c3 Nf6 5. d4 exd4 6. cxd4 Bb4+ 7. Nc3 d5 8. exd5 Nxd5 9. 0-0 Bxc3 10. bxc3 0-0 11. Qd3 h6 12. Bb3 Re8 13. Bc2 Nf6 14. Bf4 Ne7 15. Qd2 Bf5 16. Rfe1 Bxc2 17. Qxc2 Ng6 18. Bg3 Nh5 19. Rxe8+ Qxe8 20. Bxc7 Qc6 21. Bg3 Nxg3 22. hxg3 Rc8 23. Rc1 b5 24. Qb3 a6 25. Qb4 f6 26. Qb3+ Qc4 27. Nd2 Qf7 28. Ne4 Qxb3 29. axb3 Kf8 30. Nc5 Rc6 31. Ra1 1-0

[Event "Cheliabinsk Postovalov Memorial 1st"]
[Site "Cheliabinsk"]
[Date "2007.01.10"]
[Round "5"]
[White "Khakimov, Vadim"]
[Black "Geshelin, Yuri"]
[Result "1-0"]
[WhiteElo "1908"]
[BlackElo "2110"]
[PlyCount "93"]
[EventDate "2007.01.05"]
[EventType "swiss"]
[EventRounds "9"]
[EventCountry "RUS"]
[SourceTitle "EXT 2010"]
[Source "ChessBase"]
[SourceDate "2010.11.25"]
[SourceVersion "1"]
[SourceVersionDate "2010.11.25"]
[SourceQuality "1"]

1. e4 d5 2. exd5 Qxd5 3. d4 c5 4. c3 cxd4 5. cxd4 Nc6 6. Be3 e5 7. Nc3 Bb4 8. a3 Bxc3+ 9. bxc3 exd4 10. cxd4 Nf6 11. Nf3 0-0 12. Be2 Ng4 13. Qd2 Re8 14. 0-0 Nxe3 15. fxe3 Qe4 16. Kf2 h6 17. Bd3 Qg4 18. Rab1 a6 19. Rfc1 Ne7 20. Ne5 Qh4+ 21. Kg1 b5 22. Rf1 Be6 23. Rf4 Qg5 24. h4 Qg3 25. Rbf1 g5 26. hxg5 hxg5 27. R4f3 Qh4 28. Nxf7 Nd5 29. Bf5 g4 30. Bxe6 Rxe6 31. Qf2 Qxf2+ 32. R3xf2 Nxe3 33. Re1 Rae8 34. Ne5 g3 35. Rf3 Nc2 36. Rxg3+ Kh7 37. Re4 Rh6 38. Reg4 Re7 39. Ng6 Rf7 40. Ne5 Re7 41. Rc3 Nxd4 42. Rxd4 Rxe5 43. Rc7+ Kg6 44. Rd6+ Kh5 45. g4+ Kh4 46. Rxh6+ Kg3 47. Rc3+ 1-0